Memoria anual de la Caja de Ahorros de Madrid y estados generales de su situación y operaciones hasta 31 de diciembre de 1857, leidos en Junta general Directiva de 29 de enero de 1858... / (Record no. 32101)

MARC details
000 -LEADER
campo de control de longitud fija 00850nam a2200193 i 4500
001 - NÚMERO DE CONTROL
campo de control 32101
003 - IDENTIFICADOR DE NÚMERO DE CONTROL
campo de control ES-MaACL
005 - FECHA Y HORA DE LA ÚLTIMA TRANSACCIÓN
campo de control 20230906154519.0
007 - CAMPO FIJO DE DESCRIPCIÓN FÍSICA--INFORMACIÓN GENERAL
campo de control de longitud fija t|
008 - DATOS DE LONGITUD FIJA--INFORMACIÓN GENERAL
campo de control de longitud fija 030219s1858 sp ||||1| spa d
080 ## - NÚMERO DE LA CLASIFICACIÓN DECIMAL UNIVERSAL
Número de la Clasificación Decimal Universal 336.722(460.27 M.)(055.5)
110 2# - ENTRADA PRINCIPAL--NOMBRE DE ENTIDAD CORPORATIVA
Nombre de entidad corporativa o nombre de jurisdicción como elemento de entrada Caja de Ahorros de Madrid.
9 (RLIN) 2287
245 10 - MENCIÓN DEL TÍTULO
Título Memoria anual de la Caja de Ahorros de Madrid y estados generales de su situación y operaciones hasta 31 de diciembre de 1857, leidos en Junta general Directiva de 29 de enero de 1858... /
Mención de responsabilidad, etc. [por Jerónimo del Campo].
260 ## - PUBLICACIÓN, DISTRIBUCIÓN, ETC.
Lugar de publicación, distribución, etc. Madrid :
Nombre del editor, distribuidor, etc. [s.n.],
Fecha de publicación, distribución, etc. 1858 (
Fabricante Imp. de la Viuda de Don Antonio Yenes)
300 ## - DESCRIPCIÓN FÍSICA
Extensión 8, [8] p. ;
Dimensiones 19 cm.
610 24 - PUNTO DE ACCESO ADICIONAL DE MATERIA--NOMBRE DE ENTIDAD CORPORATIVA
Nombre de entidad corporativa o nombre de jurisdicción como elemento de entrada Caja de Ahorros de Madrid-
Subdivisión de forma Memorias.
9 (RLIN) 143740
700 1# - ENTRADA AGREGADA--NOMBRE PERSONAL
Nombre de persona Campo, Jerónimo del.
9 (RLIN) 34196
852 4# - LOCALIZACIÓN
Ubicación ES-MaACL
Número de control de estantería T-18-F-1
Nota libre - Enc. hol., falto de cub. original
-- - Enc. en un vol. factic.
Holdings
Estatus retirado Estado de pérdida Estado de daño No para préstamo Colección Biblioteca de origen Biblioteca actual Ubicación en estantería Fecha de adquisición Fuente de adquisición Total de préstamos Signatura topográfica completa Código de barras Visto por última vez Precio de reemplazo Tipo de ítem Koha
        Colección de folletos Biblioteca del Ateneo de Madrid Biblioteca del Ateneo de Madrid Depósito folletos 17/01/2008     T-18-F-1 1033227 23/02/2023 23/02/2023 Folleto